000 01166nam a22003257a 4500
003 CHAP
005 20220329134949.0
008 971013s1954 r 00010 d
010 _a28750
011 _a29722
035 _a33833
040 _cCHAP
082 _a332.6
_bL3
100 0 0 _aLavín, José Domingo.
_965155
245 _aInversiones extranjeras
_b: análisis, experiencias y orientaciones para la conducta mexicana
260 _aMéxico :
_bEDIAPSA,
_c1954
300 _a428 p.
490 _aColección de temas económicos y políticos contemporáneos de México
590 _aBATCH-UPD
_b10
_c20130110
_lUCH01
_h0153
590 _aBATCH-UPD
_b10
_c20130110
_lUCH01
_h1245
590 _aBATCH-UPD
_b10
_c20130409
_lUCH01
_h2155
590 _aBATCH-UPD
_b10
_c20130410
_lUCH01
_h0809
590 _aBATCH-UPD
_b10
_c20130914
_lUCH01
_h1653
590 _aCONVERSION
_b10
_c20130109
_lUCH01
_h1316
650 1 4 _aInversiones extranjeras
_xMéxico.
_960200
830 0 _aColección de temas económicos y políticos contemporáneos de México
_924811
901 _aBK
942 _cLIBRO
949 _a332.6 L3
_bBC
_cLIBRO
_d33724000344909
_eLIBRO
_h14037
_i33833
_mD
_si
999 _c28750
_d28750